[Event "Salongernas Elo 5th"]
[Site "Stockholm"]
[Date "2005.06.18"]
[Round "8"]
[White "Ullen, Jan"]
[Black "Axelson, Anders"]
[Result "0-1"]
[WhiteElo "2118"]
[BlackElo "2182"]
[PlyCount "63"]
[EventDate "2005.06.11"]
[EventType "tourn"]
[EventRounds "9"]
[EventCountry "SWE"]
[SourceTitle "CBM 106 Extra"]
[Source "ChessBase"]
[SourceDate "2005.07.01"]
[SourceVersion "1"]
[SourceVersionDate "2005.07.01"]
[SourceQuality "1"]

1. e4 e5 2. Nf3 Nc6 3. d4 exd4 4. Bb5 a6 5. Ba4 Nf6 6. 0-0 Be7 7. Re1 b5 8. e5 Nxe5 9. Rxe5 d6 10. Re1 bxa4 11. Nxd4 Bd7 12. Qe2 c5 13. Nf3 h6 14. b3 Be6 15. Nh4 Qd7 16. Nc3 axb3 17. axb3 0-0 18. Bb2 Rfe8 19. Na4 Rab8 20. Rad1 Qc6 21. Ng6 Bd8 22. Nxc5 Qxc5 23. Bd4 Qh5 24. Nf4 Qxe2 25. Rxe2 d5 26. Rde1 Ba5 27. c3 Ne4 28. b4 Bc7 29. Nxe6 Rxe6 30. f3 Ng5 31. h4 Rxe2 32. Rxe2 0-1

[Event "Salongernas Elo 5th"]
[Site "Stockholm"]
[Date "2005.06.17"]
[Round "7"]
[White "Axelson, Anders"]
[Black "Collett, Peter"]
[Result "0-1"]
[WhiteElo "2182"]
[BlackElo "2215"]
[PlyCount "57"]
[EventDate "2005.06.11"]
[EventType "tourn"]
[EventRounds "9"]
[EventCountry "SWE"]
[SourceTitle "CBM 106 Extra"]
[Source "ChessBase"]
[SourceDate "2005.07.01"]
[SourceVersion "1"]
[SourceVersionDate "2005.07.01"]
[SourceQuality "1"]

1. e4 e5 2. Nf3 Nc6 3. d4 exd4 4. Nxd4 Nf6 5. Nxc6 bxc6 6. e5 Qe7 7. Qe2 Nd5 8. c4 Nb6 9. Nc3 a5 10. Qe4 g6 11. Bd3 Bg7 12. f4 0-0 13. 0-0 Ba6 14. b3 d5 15. Qe2 f6 16. cxd5 Bxd3 17. Qxd3 cxd5 18. Be3 Rad8 19. Nb5 fxe5 20. fxe5 Bxe5 21. Rxf8+ Rxf8 22. Rc1 Qh4 23. g3 Bxg3 24. Rc2 Be5 25. Bxb6 Qe1+ 26. Kg2 cxb6 27. Qe2 Qh4 28. Kg1 Bxh2+ 29. Kh1 0-1

[Event "Salongernas Elo 5th"]
[Site "Stockholm"]
[Date "2005.06.15"]
[Round "5"]
[White "Axelson, Anders"]
[Black "Isaksson, Per"]
[Result "1-0"]
[WhiteElo "2182"]
[BlackElo "2083"]
[PlyCount "79"]
[EventDate "2005.06.11"]
[EventType "tourn"]
[EventRounds "9"]
[EventCountry "SWE"]
[SourceTitle "CBM 106 Extra"]
[Source "ChessBase"]
[SourceDate "2005.07.01"]
[SourceVersion "1"]
[SourceVersionDate "2005.07.01"]
[SourceQuality "1"]

1. e4 c5 2. Nf3 e6 3. d4 cxd4 4. Nxd4 a6 5. Bd3 Bc5 6. Nb3 Be7 7. c4 d6 8. Nc3 Nf6 9. 0-0 b6 10. f4 Nbd7 11. Qf3 Qc7 12. Qg3 Bb7 13. Bd2 g6 14. Rae1 e5 15. Nd5 Bxd5 16. exd5 0-0 17. f5 e4 18. fxg6 fxg6 19. Bh6 Rf7 20. Bxe4 Nxe4 21. Rxe4 Rxf1+ 22. Kxf1 Ne5 23. Qh3 Qc8 24. Qxc8+ Rxc8 25. Nd2 Bf6 26. Be3 b5 27. b3 Kf7 28. Ke2 h5 29. h3 Rc7 30. Nf3 bxc4 31. Nxe5+ Bxe5 32. Rxc4 Re7 33. Kd3 Rb7 34. Rc6 a5 35. Rb6 Rc7 36. Rc6 Rb7 37. Bb6 Ke8 38. Kc4 Rf7 39. Rc8+ Kd7 40. Rc7+ 1-0

[Event "Salongernas Elo 5th"]
[Site "Stockholm"]
[Date "2005.06.14"]
[Round "4"]
[White "Eriksson, Jorgen"]
[Black "Axelson, Anders"]
[Result "1-0"]
[WhiteElo "2222"]
[BlackElo "2182"]
[PlyCount "124"]
[EventDate "2005.06.11"]
[EventType "tourn"]
[EventRounds "9"]
[EventCountry "SWE"]
[SourceTitle "CBM 106 Extra"]
[Source "ChessBase"]
[SourceDate "2005.07.01"]
[SourceVersion "1"]
[SourceVersionDate "2005.07.01"]
[SourceQuality "1"]

1. d4 d5 2. c4 c6 3. Nf3 e6 4. Qc2 Nf6 5. g3 Nbd7 6. Bg2 Bd6 7. 0-0 0-0 8. Nbd2 e5 9. cxd5 cxd5 10. dxe5 Nxe5 11. Nxe5 Bxe5 12. Nf3 Bd6 13. Rd1 Be6 14. Be3 Qa5 15. Qd2 Qxd2 16. Bxd2 Bc5 17. Bc3 Ne4 18. Bd4 Rac8 19. Bxc5 Rxc5 20. Nd4 Nf6 21. h3 h5 22. e3 g6 23. Kf1 Rfc8 24. Ke1 Kf8 25. Kd2 Ke7 26. Rac1 Rxc1 27. Rxc1 Rxc1 28. Kxc1 Bd7 29. Kd2 Kd6 30. b4 b6 31. Kd3 Ne8 32. h4 Nc7 33. Kc3 Nb5+ 34. Nxb5+ Bxb5 35. Kd4 Bc4 36. a3 Bb3 37. Bf3 Ke6 38. Be2 Ba4 39. f3 f5 40. e4 fxe4 41. fxe4 dxe4 42. Kxe4 Bc2+ 43. Kd4 Kd6 44. Bf3 Bf5 45. Bd5 Bd7 46. Be4 Be8 47. Bd3 Bf7 48. Ke4 Ke6 49. Bc4+ Kf6 50. Bxf7 Kxf7 51. Ke5 Ke7 52. b5 Kf7 53. Kd6 Kf6 54. Kc6 Kf5 55. Kb7 Kg4 56. Kxa7 Kxg3 57. Kxb6 Kxh4 58. Kc5 g5 59. b6 g4 60. b7 g3 61. b8Q Kh3 62. Qc8+ Kh2 1-0